Manab adhikar (Record no. 8654)
[ view plain ]
| 000 -LEADER | |
|---|---|
| fixed length control field | 00455cam a2200193ua 4500 |
| 008 - FIXED-LENGTH DATA ELEMENTS--GENERAL INFORMATION | |
| fixed length control field | 160310n ii |||gr||||Z||||||asm |
| 040 ## - CATALOGING SOURCE | |
| Transcribing agency | MAIN |
| 041 ## - LANGUAGE CODE | |
| -- | asm |
| 082 ## - DEWEY DECIMAL CLASSIFICATION NUMBER | |
| Classification number | 323.4 |
| 100 ## - MAIN ENTRY--PERSONAL NAME | |
| Personal name | Gogoi, Purandar, |
| Relator term | |
| 245 1# - TITLE STATEMENT | |
| Title | Manab adhikar |
| Statement of responsibility, etc. | by Purandar Gogoi |
| 250 ## - EDITION STATEMENT | |
| Edition statement | 5th ed. |
| 260 ## - PUBLICATION, DISTRIBUTION, ETC. | |
| Place of publication, distribution, etc. | Dibrugarh: |
| Name of publisher, distributor, etc. | Banalata, |
| Date of publication, distribution, etc. | 2015. |
| 300 ## - PHYSICAL DESCRIPTION | |
| Extent | 288p. |
| 942 ## - ADDED ENTRY ELEMENTS (KOHA) | |
| Koha item type | Books |
| 653 ## - INDEX TERM--UNCONTROLLED | |
| Uncontrolled term | Civil & political rights |
| 653 ## - INDEX TERM--UNCONTROLLED | |
| Uncontrolled term | Human rights |
| Withdrawn status | Lost status | Damaged status | Not for loan | Home library | Current library | Shelving location | Date acquired | Total Checkouts | Full call number | Barcode | Date last seen | Date last checked out | Copy number | Price effective from | Koha item type |
|---|---|---|---|---|---|---|---|---|---|---|---|---|---|---|---|
| Central Library, Naharkatiya College | Central Library, Naharkatiya College | General Stacks | 19/09/2020 | 9 | 323.4 | GOG | 23154 | 22/11/2024 | 03/09/2024 | 2 | 19/09/2020 | Books | ||||
| Central Library, Naharkatiya College | Central Library, Naharkatiya College | General Stacks | 19/09/2020 | 7 | 323.4 | GOG | 23155 | 22/04/2022 | 09/02/2022 | 1 | 19/09/2020 | Books |
